Statistics for African Capitals (with a map)

Click here to take the quiz!

General Stats

  • This quiz has been taken 94 times
  • The average score is 181 of 196

Answers on the Map

Answers color-coded by a green-red scale on the quiz's map according to % correct below.
 

Answer Stats

capital% Correct
x
100%
Algiers
94%
Pretoria
92%
Cairo
90%
Kinshasa
88%
Rabat
88%
Tunis
88%
Brazzaville
86%
Tripoli
84%
Windhoek
84%
Abuja
82%
Luanda
82%
Nairobi
82%
Accra
80%
Antananarivo
80%
Lusaka
80%
Mogadishu
80%
Djibouti
78%
Harare
78%
Khartoum
78%
Addis Ababa
76%
Dakar
76%
Freetown
76%
Kampala
76%
Monrovia
76%
Bissau
72%
Dodoma
72%
Kigali
72%
Libreville
72%
Bangui
70%
Juba
70%
Maputo
70%
Niamey
68%
Banjul
66%
Conakry
66%
Gaborone
66%
Lomé
66%
N'Djamena
66%
Ouagadougou
66%
Asmara
64%
Bamako
64%
Lilongwe
64%
Victoria
64%
Yaoundé
64%
Moroni
62%
Port Louis
62%
Praia
60%
Maseru
58%
Yamoussoukro
58%
Malabo
56%
Mbabane
56%
Nouakchott
56%
São Tomé
56%
Gitega
52%
Porto-Novo
52%

Score Distribution

Percentile by Number Answered

Percent of People with Each Score

Your Score History

You have not taken this quiz